Statistics for Endangered Animals by Picture

Click here to take the quiz!

General Stats

  • This quiz has been taken 44 times
  • The average score is 11 of 16

Answer Stats

Answer% Correct
Elephant
100%
Hippo
94%
Panda
94%
Chimpanzee
88%
Gorilla
88%
Tiger
88%
Orangutan
81%
Polar Bear
81%
Red Panda
75%
Black Rhino
66%
Snow Leopard
66%
Pangolin
53%
Basking Shark
41%
Mandrill
38%
African Wild Dog
31%
Northern White Rhino
6%

Score Distribution

Percentile by Number Answered

Percent of People with Each Score

Your Score History

You have not taken this quiz